[Event "EYCC 2024 - O12"]
[Site "?"]
[Date "2024.08.25"]
[Round "4.1"]
[White "Ambartsumian, Tyhran"]
[Black "Radzimski, Antoni"]
[Result "1-0"]
[BlackElo "2062"]
[WhiteElo "2156"]
[LiveChessVersion "1.4.8"]

1. e4 {[%clk 1:30:26]} e5 {[%clk 1:30:26]} 2. Nf3 {[%clk 1:30:49]} Nc6
{[%clk 1:30:50]} 3. Bb5 {[%clk 1:31:13]} a6 {[%clk 1:30:07]} 4. Ba4
{[%clk 1:31:13]} d6 {[%clk 1:30:05]} 5. O-O {[%clk 1:31:32]} Bd7 {[%clk 1:30:31]}
6. d4 {[%clk 1:31:47]} b5 {[%clk 1:28:31]} 7. Bb3 {[%clk 1:31:17]} Nxd4
{[%clk 1:28:39]} 8. Nxd4 {[%clk 1:31:40]} exd4 {[%clk 1:29:03]} 9. c3
{[%clk 1:32:07]} d3 {[%clk 1:26:11]} 10. Qxd3 c5 {[%clk 1:22:55]} 11. Bd5
{[%clk 1:21:28]} Ra7 {[%clk 1:20:32]} 12. Re1 {[%clk 0:53:21]} Nf6
{[%clk 1:15:26]} 13. Qg3 {[%clk 0:53:33]} Be6 {[%clk 1:09:39]} 14. Bc6+
{[%clk 0:52:50]} Nd7 {[%clk 1:03:56]} 15. a4 {[%clk 0:50:55]} bxa4
{[%clk 0:56:45]} 16. Rxa4 {[%clk 0:45:43]} Qb6 {[%clk 0:49:33]} 17. Bd5
{[%clk 0:45:55]} Nf6 {[%clk 0:49:01]} 18. Nd2 {[%clk 0:42:44]} Qb5
{[%clk 0:44:32]} 19. b3 {[%clk 0:40:28]} Be7 {[%clk 0:39:26]} 20. Bxe6
{[%clk 0:37:49]} fxe6 {[%clk 0:39:50]} 21. e5 {[%clk 0:38:15]} dxe5
{[%clk 0:39:22]} 22. Qxe5 {[%clk 0:38:02]} O-O {[%clk 0:38:13]} 23. Qxe6+
{[%clk 0:38:00]} Kh8 {[%clk 0:38:21]} 24. Nf3 {[%clk 0:34:46]} Re8
{[%clk 0:36:18]} 25. Qf7 {[%clk 0:31:41]} Rf8 {[%clk 0:34:10]} 26. Qe6
{[%clk 0:32:10]} Re8 {[%clk 0:34:32]} 27. Ne5 {[%clk 0:30:30]} h6
{[%clk 0:32:39]} 28. Qf7 {[%clk 0:23:16]} Bd6 {[%clk 0:32:00]} 29. Qxa7
{[%clk 0:22:59]} Bxe5 {[%clk 0:32:26]} 30. Be3 {[%clk 0:20:47]} Bxc3
{[%clk 0:31:52]} 31. Rf1 {[%clk 0:18:30]} Qxb3 {[%clk 0:29:29]} 32. Qxa6
{[%clk 0:18:40]} Bb4 {[%clk 0:28:10]} 33. Bxh6 {[%clk 0:17:59]} Re6
{[%clk 0:27:43]} 34. Qb7 {[%clk 0:16:24]} Ne8 {[%clk 0:27:43]} 35. Ra8
{[%clk 0:16:00]} Qd3 {[%clk 0:27:20]} 36. Rxe8+ {[%clk 0:16:23]} 1-0

[Event "EYCC 2024 - O12"]
[Site "?"]
[Date "2024.08.25"]
[Round "4.2"]
[White "Fulgentini, Edoardo"]
[Black "Saminskij, Jan"]
[Result "0-1"]
[BlackElo "2115"]
[WhiteElo "2009"]
[LiveChessVersion "1.4.8"]

1. e4 {[%clk 1:30:57]} e6 {[%clk 1:30:01]} 2. d4 {[%clk 1:31:23]} d5
{[%clk 1:30:25]} 3. Nc3 {[%clk 1:31:48]} Nf6 {[%clk 1:30:48]} 4. Bg5
{[%clk 1:32:11]} Be7 {[%clk 1:29:36]} 5. e5 {[%clk 1:32:37]} Nfd7
{[%clk 1:30:02]} 6. Bxe7 {[%clk 1:33:03]} Qxe7 {[%clk 1:30:26]} 7. f4
{[%clk 1:33:29]} a6 {[%clk 1:30:53]} 8. Qg4 {[%clk 1:33:55]} g6 {[%clk 1:30:35]}
9. h4 {[%clk 1:29:26]} h5 {[%clk 1:28:46]} 10. Qg5 {[%clk 1:29:35]} c5
{[%clk 1:29:05]} 11. Nf3 {[%clk 1:28:24]} Nc6 {[%clk 1:29:26]} 12. dxc5
{[%clk 1:21:12]} Nxc5 {[%clk 1:29:31]} 13. O-O-O {[%clk 1:17:36]} b5
{[%clk 1:29:56]} 14. Bd3 {[%clk 1:09:14]} b4 {[%clk 1:26:23]} 15. Ne2
{[%clk 1:06:44]} a5 {[%clk 1:23:29]} 16. Bb5 {[%clk 1:00:37]} Bd7
{[%clk 1:20:33]} 17. Nfd4 {[%clk 0:51:57]} Nxd4 {[%clk 1:15:33]} 18. Nxd4
{[%clk 0:46:11]} Bxb5 {[%clk 1:04:00]} 19. Nxb5 {[%clk 0:42:59]} Ne4
{[%clk 1:04:03]} 20. Qxe7+ {[%clk 0:43:10]} Kxe7 {[%clk 1:03:57]} 21. Rhf1
{[%clk 0:34:49]} Rhc8 {[%clk 1:01:21]} 22. Kb1 {[%clk 0:31:59]} Rab8
{[%clk 1:00:57]} 23. Nd4 {[%clk 0:29:19]} a4 {[%clk 1:00:07]} 24. Rf3
{[%clk 0:26:26]} Rc4 {[%clk 0:56:42]} 25. Ka1 {[%clk 0:14:04]} a3
{[%clk 0:42:54]} 26. Rb3 {[%clk 0:09:14]} axb2+ {[%clk 0:40:59]} 27. Kxb2
{[%clk 0:06:44]} Nc3 {[%clk 0:41:22]} 28. Rd3 {[%clk 0:06:39]} Ra8
{[%clk 0:40:28]} 29. a3 {[%clk 0:01:42]} Rxa3 {[%clk 0:38:51]} 30. Rxa3
{[%clk 0:00:47]} bxa3+ {[%clk 0:39:16]} 31. Ka1 {[%clk 0:01:04]} Kd7
{[%clk 0:36:54]} 32. g3 {[%clk 0:00:34]} Ne4 {[%clk 0:35:48]} 33. Rb3
{[%clk 0:00:31]} 0-1

[Event "EYCC 2024 - O12"]
[Site "?"]
[Date "2024.08.25"]
[Round "4.3"]
[White "Akkus, Muhammed Ali"]
[Black "Nicot, Valentin"]
[Result "0-1"]
[BlackElo "2068"]
[WhiteElo "1698"]
[LiveChessVersion "1.4.8"]

1. e4 {[%clk 1:30:57]} e5 {[%clk 1:30:33]} 2. Nf3 {[%clk 1:31:17]} Nf6
{[%clk 1:30:37]} 3. Nc3 {[%clk 1:31:26]} Nc6 {[%clk 1:30:37]} 4. a3
{[%clk 1:30:47]} d5 {[%clk 1:30:34]} 5. Bb5 {[%clk 1:28:26]} Nxe4
{[%clk 1:30:16]} 6. Qe2 {[%clk 1:25:15]} Qd6 {[%clk 1:29:19]} 7. Nxe4
{[%clk 1:17:09]} dxe4 {[%clk 1:29:37]} 8. Qxe4 {[%clk 1:17:10]} Bd7
{[%clk 1:29:38]} 9. d3 {[%clk 1:06:09]} O-O-O {[%clk 1:29:36]} 10. Bd2
{[%clk 1:04:45]} f5 {[%clk 1:21:37]} 11. Qe2 {[%clk 0:58:41]} e4 {[%clk 1:12:35]}
12. Bxc6 {[%clk 0:49:51]} Bxc6 {[%clk 1:06:57]} 13. dxe4 {[%clk 0:48:46]} fxe4
{[%clk 1:00:22]} 14. Ng5 {[%clk 0:47:06]} Qf6 {[%clk 0:54:40]} 15. Rb1
{[%clk 0:31:43]} Bd6 {[%clk 0:43:40]} 16. O-O {[%clk 0:26:38]} Qe5
{[%clk 0:40:31]} 17. g3 {[%clk 0:25:04]} Qf5 {[%clk 0:39:26]} 18. Rbe1
{[%clk 0:14:23]} Rde8 {[%clk 0:37:03]} 19. Qh5 {[%clk 0:12:58]} Qd5
{[%clk 0:32:19]} 20. Be3 {[%clk 0:12:31]} h6 {[%clk 0:32:05]} 21. c4
{[%clk 0:11:41]} Qe5 {[%clk 0:31:47]} 22. Bf4 {[%clk 0:10:20]} hxg5
{[%clk 0:29:52]} 23. Qxh8 {[%clk 0:10:05]} gxf4 {[%clk 0:28:24]} 24. Qh3+
{[%clk 0:10:20]} Bd7 {[%clk 0:28:16]} 25. Qh4 {[%clk 0:10:15]} g5
{[%clk 0:28:18]} 26. Qh7 {[%clk 0:10:26]} fxg3 {[%clk 0:26:53]} 27. fxg3
{[%clk 0:10:35]} Bc5+ {[%clk 0:26:56]} 28. Kg2 {[%clk 0:11:03]} Rh8
{[%clk 0:25:59]} 29. Qxh8+ {[%clk 0:11:10]} Qxh8 {[%clk 0:26:23]} 30. Re2
{[%clk 0:11:36]} Qh3+ {[%clk 0:26:44]} 0-1

[Event "EYCC 2024 - O12"]
[Site "?"]
[Date "2024.08.25"]
[Round "4.4"]
[White "El Zein, Bassam"]
[Black "Ritzerveld, Noah"]
[Result "0-1"]
[BlackElo "2293"]
[WhiteElo "2044"]
[LiveChessVersion "1.4.8"]

1. Nf3 {[%clk 1:30:57]} d5 {[%clk 1:30:54]} 2. g3 {[%clk 1:31:15]} Nf6
{[%clk 1:31:18]} 3. Bg2 {[%clk 1:31:33]} c6 {[%clk 1:31:43]} 4. O-O
{[%clk 1:31:48]} Bg4 {[%clk 1:32:08]} 5. h3 {[%clk 1:31:58]} Bh5 {[%clk 1:28:32]}
6. d4 {[%clk 1:31:57]} e6 {[%clk 1:27:56]} 7. c4 {[%clk 1:32:07]} Nbd7
{[%clk 1:24:23]} 8. cxd5 {[%clk 1:31:54]} exd5 {[%clk 1:22:24]} 9. Ne5
{[%clk 1:31:58]} Bg6 {[%clk 1:13:37]} 10. Nc3 {[%clk 1:31:22]} Bd6
{[%clk 1:09:46]} 11. f4 {[%clk 1:30:29]} Be4 {[%clk 1:09:30]} 12. Nxe4
{[%clk 1:30:35]} Nxe4 {[%clk 1:09:47]} 13. Bxe4 {[%clk 1:30:39]} dxe4
{[%clk 1:08:34]} 14. Qb3 {[%clk 1:30:32]} Bxe5 {[%clk 1:02:18]} 15. dxe5
{[%clk 1:30:13]} Nc5 {[%clk 0:58:41]} 16. Qa3 {[%clk 1:28:58]} Qe7
{[%clk 0:56:32]} 17. Be3 {[%clk 1:28:14]} Na6 {[%clk 0:53:45]} 18. Qa4
{[%clk 1:26:24]} Qb4 {[%clk 0:51:51]} 19. Qxb4 {[%clk 1:25:54]} Nxb4
{[%clk 0:52:15]} 20. Bc5 {[%clk 1:26:00]} Nd5 {[%clk 0:51:01]} 21. b4
{[%clk 1:25:01]} b6 {[%clk 0:48:49]} 22. Bd6 {[%clk 1:25:03]} Kd7
{[%clk 0:44:20]} 23. Rfd1 {[%clk 1:23:43]} a6 {[%clk 0:36:19]} 24. a4
{[%clk 1:23:20]} Ke6 {[%clk 0:33:06]} 25. Rac1 {[%clk 1:22:57]} Rac8
{[%clk 0:32:34]} 26. Kf2 {[%clk 1:22:20]} g6 {[%clk 0:29:58]} 27. Rd4
{[%clk 1:20:56]} f5 {[%clk 0:29:43]} 28. Rdc4 {[%clk 1:20:40]} Kd7
{[%clk 0:29:34]} 29. Rd4 {[%clk 1:20:15]} Ke6 {[%clk 0:29:42]} 30. a5
{[%clk 1:20:10]} b5 {[%clk 0:27:10]} 31. Rc2 {[%clk 1:18:17]} Rhd8
{[%clk 0:26:17]} 32. e3 {[%clk 1:17:14]} h6 {[%clk 0:24:51]} 33. Rc1
{[%clk 1:14:14]} Rh8 {[%clk 0:23:52]} 34. Rd2 {[%clk 1:06:47]} Rhg8
{[%clk 0:22:57]} 35. Rdc2 {[%clk 1:05:55]} Kd7 {[%clk 0:23:16]} 36. Bc5
{[%clk 1:05:41]} Ke6 {[%clk 0:22:59]} 37. g4 {[%clk 1:05:16]} h5 {[%clk 0:21:46]}
38. Bd6 {[%clk 1:04:10]} Kd7 {[%clk 0:20:49]} 39. Rg1 {[%clk 1:03:58]} hxg4
{[%clk 0:18:32]} 40. hxg4 {[%clk 1:03:22]} Rh8 {[%clk 0:18:48]} 41. Bc5
{[%clk 1:03:13]} Rh2+ {[%clk 0:17:35]} 42. Rg2 {[%clk 1:02:44]} Rch8
{[%clk 0:17:17]} 43. gxf5 {[%clk 1:02:02]} gxf5 {[%clk 0:17:05]} 44. Kf1
{[%clk 1:01:28]} Rh1+ {[%clk 0:16:42]} 45. Rg1 {[%clk 1:01:03]} R8h3
{[%clk 0:15:02]} 46. Rxh1 {[%clk 0:59:35]} Rxh1+ {[%clk 0:15:26]} 47. Kg2
{[%clk 0:59:26]} Rb1 {[%clk 0:14:38]} 48. Kh2 {[%clk 0:59:19]} Nxb4
{[%clk 0:13:26]} 49. Rg2 {[%clk 0:59:29]} Nd3 {[%clk 0:13:18]} 50. Rg7+
{[%clk 0:59:39]} Ke6 {[%clk 0:13:23]} 51. Rg6+ {[%clk 0:59:36]} Kd5
{[%clk 0:09:28]} 52. Bd4 {[%clk 0:59:10]} Ne1 {[%clk 0:05:20]} 53. Rd6+
{[%clk 0:59:22]} Kc4 {[%clk 0:05:39]} 54. Rxc6+ {[%clk 0:59:29]} Kd3
{[%clk 0:05:47]} 55. e6 {[%clk 0:59:42]} Nf3+ {[%clk 0:04:56]} 56. Kg2
{[%clk 0:58:18]} Nxd4 {[%clk 0:04:37]} 57. exd4 {[%clk 0:57:29]} e3
{[%clk 0:04:50]} 58. e7 {[%clk 0:57:50]} e2 {[%clk 0:04:48]} 59. e8=Q
{[%clk 0:57:42]} e1=Q {[%clk 0:05:05]} 60. Qxe1 {[%clk 0:57:41]} Rxe1
{[%clk 0:05:29]} 61. d5 {[%clk 0:57:44]} Rd1 {[%clk 0:05:04]} 62. Rxa6
{[%clk 0:57:03]} Kc4 {[%clk 0:04:18]} 63. Rf6 {[%clk 0:54:43]} Rxd5
{[%clk 0:04:09]} 64. a6 {[%clk 0:54:43]} b4 {[%clk 0:04:18]} 65. Rf8
{[%clk 0:54:23]} Ra5 {[%clk 0:04:36]} 66. Ra8 {[%clk 0:53:30]} Kb3
{[%clk 0:04:36]} 67. a7 {[%clk 0:53:27]} Ka3 {[%clk 0:04:59]} 68. Rf8
{[%clk 0:53:02]} Rxa7 {[%clk 0:05:18]} 69. Rxf5 {[%clk 0:53:24]} b3
{[%clk 0:04:45]} 70. Rb5 {[%clk 0:53:45]} b2 {[%clk 0:05:03]} 71. f5
{[%clk 0:53:54]} Rf7 {[%clk 0:02:55]} 72. Kg3 {[%clk 0:53:59]} Rxf5
{[%clk 0:03:21]} 73. Rxf5 {[%clk 0:54:23]} b1=Q {[%clk 0:03:45]} 74. Rf4
{[%clk 0:54:29]} Kb3 {[%clk 0:04:04]} 75. Kg4 {[%clk 0:54:07]} Qg6+
{[%clk 0:04:29]} 76. Kf3 {[%clk 0:54:15]} Kc3 {[%clk 0:04:52]} 77. Rg4
{[%clk 0:54:37]} Qh5 {[%clk 0:05:17]} 78. Kf4 {[%clk 0:54:01]} Kd4
{[%clk 0:05:35]} 79. Rg5 {[%clk 0:53:49]} Qf7+ {[%clk 0:05:11]} 80. Rf5
{[%clk 0:53:52]} Qg6 {[%clk 0:05:34]} 81. Ra5 {[%clk 0:53:04]} Qe4+
{[%clk 0:05:34]} 82. Kg5 {[%clk 0:53:01]} Qe7+ {[%clk 0:05:27]} 83. Kh5
{[%clk 0:52:51]} Qe8+ {[%clk 0:05:43]} 84. Kg4 {[%clk 0:52:55]} Ke4
{[%clk 0:05:49]} 85. Rh5 {[%clk 0:52:47]} Qe6+ {[%clk 0:06:01]} 86. Kg5
{[%clk 0:52:51]} Qf5+ {[%clk 0:06:04]} 87. Kh6 {[%clk 0:53:12]} Qf6+
{[%clk 0:06:11]} 88. Kh7 {[%clk 0:53:37]} Qf7+ {[%clk 0:06:28]} 89. Kh6
{[%clk 0:53:52]} Qf8+ {[%clk 0:06:18]} 90. Kg6 {[%clk 0:53:21]} Qe8+
{[%clk 0:06:11]} 91. Kg5 {[%clk 0:53:41]} Qf7 {[%clk 0:06:01]} 92. Kh6
{[%clk 0:53:32]} Qf6+ {[%clk 0:05:42]} 93. Kh7 {[%clk 0:52:10]} Kf4
{[%clk 0:06:06]} 94. Rh6 {[%clk 0:51:33]} Qf7+ {[%clk 0:06:25]} 95. Kh8
{[%clk 0:51:57]} Qe7 {[%clk 0:06:43]} 96. Rg6 {[%clk 0:51:52]} Kf5
{[%clk 0:06:47]} 97. Rg7 {[%clk 0:51:53]} Qe5 {[%clk 0:06:33]} 98. Kh7
{[%clk 0:50:14]} Kf6 {[%clk 0:05:55]} 99. Kh8 {[%clk 0:49:53]} Qh5+
{[%clk 0:03:53]} 100. Kg8 {[%clk 0:50:02]} Qd5+ {[%clk 0:03:47]} 101. Kh7
{[%clk 0:49:55]} Qe4+ {[%clk 0:02:59]} 102. Kg8 {[%clk 0:50:03]} Qe6+
{[%clk 0:02:23]} 103. Kh7 {[%clk 0:49:59]} Qe8 {[%clk 0:02:46]} 104. Ra7
{[%clk 0:48:36]} Qh5+ {[%clk 0:03:04]} 105. Kg8 {[%clk 0:48:51]} Qg4+
{[%clk 0:03:23]} 106. Kh8 {[%clk 0:48:20]} Qh3+ {[%clk 0:03:48]} 107. Kg8
{[%clk 0:48:04]} Qg3+ {[%clk 0:04:12]} 108. Kh7 {[%clk 0:47:59]} Qh2+
{[%clk 0:04:37]} 109. Kg8 {[%clk 0:47:36]} Qg1+ {[%clk 0:04:41]} 110. Kh7
{[%clk 0:47:41]} Qxa7+ {[%clk 0:05:07]} 111. Kh6 {[%clk 0:47:52]} Qg7+
{[%clk 0:05:29]} 112. Kh5 {[%clk 0:48:04]} Qg5# {[%clk 0:05:55]} 0-1

[Event "EYCC 2024 - O12"]
[Site "?"]
[Date "2024.08.25"]
[Round "4.5"]
[White "Golis, Wiktor"]
[Black "Jalving, August"]
[Result "1-0"]
[BlackElo "2027"]
[WhiteElo "2216"]
[LiveChessVersion "1.4.8"]

1. e4 {[%clk 1:30:58]} c5 {[%clk 1:30:54]} 2. Nf3 {[%clk 1:31:24]} d6
{[%clk 1:31:19]} 3. Bb5+ {[%clk 1:31:37]} Bd7 {[%clk 1:31:26]} 4. Bxd7+
{[%clk 1:32:01]} Qxd7 {[%clk 1:31:47]} 5. O-O {[%clk 1:32:25]} Nc6
{[%clk 1:31:50]} 6. c3 {[%clk 1:32:35]} Nf6 {[%clk 1:31:34]} 7. Qe2
{[%clk 1:33:01]} e5 {[%clk 1:31:26]} 8. Rd1 {[%clk 1:32:55]} Be7 {[%clk 1:28:51]}
9. d4 {[%clk 1:33:01]} Qc7 {[%clk 1:28:45]} 10. d5 {[%clk 1:27:01]} Nb8
{[%clk 1:27:46]} 11. c4 {[%clk 1:18:13]} Nbd7 {[%clk 1:24:50]} 12. Nc3
{[%clk 1:18:05]} O-O {[%clk 1:22:24]} 13. Ne1 {[%clk 1:13:03]} a6
{[%clk 1:19:15]} 14. a4 {[%clk 1:11:17]} Ne8 {[%clk 1:15:00]} 15. Nd3
{[%clk 1:11:00]} g6 {[%clk 1:10:10]} 16. Rf1 {[%clk 1:05:59]} Bf6
{[%clk 1:02:56]} 17. Bd2 {[%clk 0:58:08]} Bg7 {[%clk 1:01:38]} 18. a5
{[%clk 0:56:28]} Rc8 {[%clk 0:48:43]} 19. Rfc1 {[%clk 0:54:23]} f5
{[%clk 0:44:23]} 20. f3 {[%clk 0:54:35]} Nef6 {[%clk 0:41:46]} 21. Na4
{[%clk 0:54:32]} Qb8 {[%clk 0:28:44]} 22. b4 {[%clk 0:46:36]} cxb4
{[%clk 0:19:10]} 23. Bxb4 {[%clk 0:44:58]} fxe4 {[%clk 0:18:46]} 24. fxe4
{[%clk 0:44:51]} b5 {[%clk 0:14:31]} 25. axb6 {[%clk 0:43:02]} Bh6
{[%clk 0:13:41]} 26. Rc2 {[%clk 0:31:42]} Nxb6 {[%clk 0:10:36]} 27. Nab2
{[%clk 0:31:20]} Nbd7 {[%clk 0:07:12]} 28. Kh1 {[%clk 0:17:37]} Nc5
{[%clk 0:07:04]} 29. Nxc5 {[%clk 0:12:46]} dxc5 {[%clk 0:07:26]} 30. Bc3
{[%clk 0:12:48]} Rce8 {[%clk 0:07:06]} 31. Nd3 {[%clk 0:12:06]} Qd6
{[%clk 0:06:45]} 32. Rca2 {[%clk 0:11:43]} Nd7 {[%clk 0:06:13]} 33. Rxa6
{[%clk 0:11:21]} Qb8 {[%clk 0:04:51]} 34. Qb2 {[%clk 0:08:06]} Qxb2
{[%clk 0:05:08]} 35. Bxb2 {[%clk 0:08:22]} Nf6 {[%clk 0:03:42]} 36. Nxc5
{[%clk 0:06:08]} Ng4 {[%clk 0:02:48]} 37. Nd3 {[%clk 0:05:50]} Nf6
{[%clk 0:02:56]} 38. Re6 {[%clk 0:03:29]} Nxe4 {[%clk 0:02:11]} 39. Rxe8
{[%clk 0:02:27]} Rxe8 {[%clk 0:02:35]} 40. c5 {[%clk 0:01:37]} Bf8
{[%clk 0:00:38]} 41. d6 {[%clk 0:01:41]} Nxc5 {[%clk 0:00:42]} 42. Nxc5
{[%clk 0:02:04]} Bxd6 {[%clk 0:01:04]} 43. Ne4 {[%clk 0:02:31]} Rb8
{[%clk 0:00:56]} 44. Nxd6 {[%clk 0:02:33]} Rxb2 {[%clk 0:01:15]} 45. Re1
{[%clk 0:02:52]} Rb6 {[%clk 0:00:31]} 46. Nc4 {[%clk 0:03:15]} Re6
{[%clk 0:00:47]} 47. Nxe5 {[%clk 0:03:39]} Kg7 {[%clk 0:01:00]} 48. Nf3
{[%clk 0:04:04]} Ra6 {[%clk 0:01:21]} 49. Kg1 {[%clk 0:04:25]} h6
{[%clk 0:01:40]} 50. Kf2 {[%clk 0:04:43]} Kf6 {[%clk 0:02:04]} 51. Kg3
{[%clk 0:04:37]} g5 {[%clk 0:02:03]} 52. Rb1 {[%clk 0:04:23]} Ra4
{[%clk 0:01:49]} 53. Rb6+ {[%clk 0:04:41]} Kg7 {[%clk 0:02:13]} 54. h3
{[%clk 0:04:46]} Rc4 {[%clk 0:02:35]} 55. Rb7+ {[%clk 0:05:06]} Kg8
{[%clk 0:02:52]} 56. Ne5 {[%clk 0:05:07]} Ra4 {[%clk 0:03:07]} 57. Nf7
{[%clk 0:04:48]} Ra6 {[%clk 0:03:31]} 58. Kg4 {[%clk 0:04:48]} Rf6
{[%clk 0:03:51]} 59. Kh5 {[%clk 0:04:18]} Rxf7 {[%clk 0:03:46]} 60. Rxf7
{[%clk 0:04:43]} Kxf7 {[%clk 0:04:12]} 61. Kxh6 {[%clk 0:04:50]} g4
{[%clk 0:04:32]} 62. h4 {[%clk 0:05:11]} Kf6 {[%clk 0:04:50]} 63. g3
{[%clk 0:05:32]} Kf5 {[%clk 0:05:06]} 64. Kh5 {[%clk 0:05:57]} Kf6
{[%clk 0:05:28]} 65. Kxg4 {[%clk 0:06:22]} 1-0

[Event "EYCC 2024 - O12"]
[Site "?"]
[Date "2024.08.25"]
[Round "4.6"]
[White "Torres Rebolledo, Alvaro"]
[Black "Gabadadze, Gabriel"]
[Result "1-0"]
[BlackElo "2016"]
[WhiteElo "2193"]
[LiveChessVersion "1.4.8"]

1. e4 {[%clk 1:30:13]} c5 {[%clk 1:30:46]} 2. Nf3 {[%clk 1:30:34]} e6
{[%clk 1:30:51]} 3. d4 {[%clk 1:30:54]} cxd4 {[%clk 1:31:11]} 4. Nxd4
{[%clk 1:31:14]} Nf6 {[%clk 1:31:17]} 5. Nc3 {[%clk 1:31:22]} Nc6
{[%clk 1:31:09]} 6. a3 {[%clk 1:31:29]} Be7 {[%clk 1:30:08]} 7. Be3
{[%clk 1:31:28]} O-O {[%clk 1:26:33]} 8. Be2 {[%clk 1:30:13]} d5 {[%clk 1:19:14]}
9. exd5 {[%clk 1:28:53]} exd5 {[%clk 1:17:06]} 10. h3 {[%clk 1:26:01]} Be6
{[%clk 1:13:12]} 11. O-O {[%clk 1:22:23]} Qd7 {[%clk 1:09:20]} 12. Re1
{[%clk 1:17:20]} Rad8 13. Bf3 {[%clk 1:02:51]} h6 {[%clk 1:00:17]} 14. Nce2
{[%clk 0:57:03]} Ne5 {[%clk 0:53:33]} 15. Nf4 {[%clk 0:48:06]} Nxf3+
{[%clk 0:50:57]} 16. Qxf3 {[%clk 0:45:35]} Ne4 {[%clk 0:44:33]} 17. Ndxe6
{[%clk 0:34:05]} fxe6 {[%clk 0:44:45]} 18. Qg4 {[%clk 0:34:08]} Rf5
{[%clk 0:36:09]} 19. Nh5 {[%clk 0:26:26]} Bf8 {[%clk 0:27:55]} 20. f3
{[%clk 0:22:15]} Nd6 {[%clk 0:17:57]} 21. Ng3 {[%clk 0:18:10]} Nc4
{[%clk 0:10:48]} 22. Nxf5 {[%clk 0:17:34]} exf5 {[%clk 0:11:12]} 23. Qd4
{[%clk 0:16:22]} b6 24. b4 {[%clk 0:15:57]} Be7 {[%clk 0:05:38]} 25. Qd3
{[%clk 0:12:46]} Bh4 {[%clk 0:01:37]} 26. Re2 {[%clk 0:08:36]} Qf7
{[%clk 0:00:48]} 27. Bf2 {[%clk 0:07:18]} Bg5 {[%clk 0:00:43]} 28. Rae1
{[%clk 0:06:01]} Qg6 {[%clk 0:00:36]} 29. Re6 {[%clk 0:05:26]} Qf7
{[%clk 0:00:45]} 30. h4 {[%clk 0:05:11]} Bf6 {[%clk 0:01:04]} 31. Qxf5
{[%clk 0:04:52]} Nxa3 {[%clk 0:01:06]} 32. Qg4 {[%clk 0:04:18]} Nxc2
{[%clk 0:00:39]} 33. R1e2 {[%clk 0:04:14]} Na3 {[%clk 0:00:45]} 34. Bd4
{[%clk 0:04:03]} Bxd4+ {[%clk 0:00:33]} 35. Qxd4 {[%clk 0:04:31]} Nb5
{[%clk 0:00:35]} 36. Qd3 {[%clk 0:04:22]} a6 {[%clk 0:00:33]} 37. Re7
{[%clk 0:04:15]} Qf6 {[%clk 0:00:39]} 38. Re8+ {[%clk 0:03:27]} Rxe8
{[%clk 0:00:51]} 39. Rxe8+ {[%clk 0:03:51]} Kf7 {[%clk 0:01:16]} 40. Re1
{[%clk 0:03:54]} Qd4+ {[%clk 0:00:51]} 41. Qxd4 {[%clk 0:04:19]} Nxd4 42. Ra1
{[%clk 0:04:21]} a5 {[%clk 0:01:06]} 43. bxa5 {[%clk 0:04:43]} bxa5
{[%clk 0:01:35]} 44. Rxa5 {[%clk 0:04:56]} Ke6 {[%clk 0:01:56]} 45. Kf2
{[%clk 0:05:13]} Ke5 {[%clk 0:01:57]} 46. g3 {[%clk 0:05:14]} Nf5
{[%clk 0:01:13]} 47. h5 {[%clk 0:05:07]} Ne7 {[%clk 0:00:53]} 48. Ra7
{[%clk 0:04:58]} Kf6 {[%clk 0:00:57]} 49. g4 {[%clk 0:05:05]} g6 {[%clk 0:00:32]}
50. Ra6+ {[%clk 0:05:11]} Kf7 {[%clk 0:00:43]} 51. hxg6+ {[%clk 0:05:19]} Nxg6
{[%clk 0:01:06]} 52. Ke3 {[%clk 0:05:35]} Kg7 {[%clk 0:00:45]} 53. f4
{[%clk 0:04:28]} Nh4 {[%clk 0:00:32]} 54. Rd6 {[%clk 0:04:08]} h5
{[%clk 0:00:34]} 55. Rxd5 {[%clk 0:04:16]} hxg4 {[%clk 0:00:56]} 56. Rg5+
{[%clk 0:04:40]} Kf6 {[%clk 0:01:17]} 57. Rxg4 {[%clk 0:05:03]} Nf5+
{[%clk 0:01:40]} 58. Kf3 {[%clk 0:05:23]} Nd6 {[%clk 0:01:50]} 59. Rg5
{[%clk 0:05:37]} Nf5 {[%clk 0:02:12]} 60. Rg8 {[%clk 0:05:54]} Kf7
{[%clk 0:02:27]} 61. Ra8 {[%clk 0:06:10]} Ke6 {[%clk 0:02:45]} 62. Ra6+
{[%clk 0:06:30]} Kd5 {[%clk 0:03:08]} 63. Kg4 {[%clk 0:06:50]} Ne3+
{[%clk 0:03:23]} 64. Kg5 {[%clk 0:07:15]} Ke4 {[%clk 0:03:48]} 65. Re6+
{[%clk 0:07:40]} Kf3 {[%clk 0:04:13]} 66. Rxe3+ {[%clk 0:08:05]} 1-0

[Event "EYCC 2024 - O12"]
[Site "?"]
[Date "2024.08.25"]
[Round "4.7"]
[White "Golubovic, Erik"]
[Black "Marynychenko, Yehor"]
[Result "1/2-1/2"]
[BlackElo "2015"]
[WhiteElo "2117"]
[LiveChessVersion "1.4.8"]

1. d4 {[%clk 1:30:57]} Nf6 {[%clk 1:30:54]} 2. Nf3 {[%clk 1:31:17]} g6
{[%clk 1:31:10]} 3. c4 {[%clk 1:31:33]} Bg7 {[%clk 1:31:32]} 4. Nc3
{[%clk 1:31:56]} O-O {[%clk 1:31:53]} 5. e4 {[%clk 1:32:17]} d6 {[%clk 1:32:16]}
6. h3 {[%clk 1:32:36]} e5 {[%clk 1:32:03]} 7. d5 {[%clk 1:32:56]} Nbd7
{[%clk 1:30:43]} 8. Be3 {[%clk 1:32:55]} Nc5 {[%clk 1:27:58]} 9. Nd2
{[%clk 1:32:58]} a5 {[%clk 1:28:03]} 10. g4 {[%clk 1:31:51]} Ne8 {[%clk 1:25:14]}
11. h4 {[%clk 1:31:07]} f5 {[%clk 1:21:37]} 12. gxf5 {[%clk 1:31:12]} gxf5
{[%clk 1:22:00]} 13. h5 {[%clk 1:30:25]} h6 {[%clk 1:15:28]} 14. Qc2
{[%clk 1:25:50]} f4 {[%clk 1:12:24]} 15. Bxc5 {[%clk 1:26:03]} dxc5
{[%clk 1:12:52]} 16. Qd3 {[%clk 1:20:31]} Nd6 {[%clk 1:07:11]} 17. Bh3
{[%clk 1:18:45]} Bxh3 {[%clk 1:04:29]} 18. Qxh3 {[%clk 1:18:35]} Nf7
{[%clk 1:01:55]} 19. Nf3 {[%clk 1:16:05]} Ng5 {[%clk 0:58:55]} 20. Nxg5
{[%clk 1:15:41]} Qxg5 {[%clk 0:59:00]} 21. O-O-O {[%clk 1:14:48]} f3+
{[%clk 0:55:47]} 22. Kc2 {[%clk 1:08:42]} Ra6 {[%clk 0:48:30]} 23. Rhg1
{[%clk 1:04:09]} Qe7 {[%clk 0:47:57]} 24. Rg3 {[%clk 1:02:16]} Kh8
{[%clk 0:45:14]} 25. Rd3 {[%clk 0:56:48]} Raf6 {[%clk 0:43:56]} 26. Rdxf3
{[%clk 0:51:30]} Rf4 {[%clk 0:40:59]} 27. Kd3 {[%clk 0:32:23]} Qf6
{[%clk 0:34:36]} 28. Ke3 {[%clk 0:29:00]} Qb6 {[%clk 0:32:16]} 29. b3
{[%clk 0:24:15]} a4 {[%clk 0:31:18]} 30. Qd7 {[%clk 0:12:36]} Qf6
{[%clk 0:30:50]} 31. Qh3 {[%clk 0:12:17]} axb3 {[%clk 0:31:01]} 1/2-1/2